header

The ultimate book of top ten lists (Record no. 155524)

MARC details
000 -LEADER
fixed length control field 01129nam a2200265Ia 4500
245 04 - TITLE STATEMENT
Title The ultimate book of top ten lists
260 ## - PUBLICATION, DISTRIBUTION, ETC. (IMPRINT)
Place of publication Berkeley, CA :
Name of publisher Ulysses Press,
Year of publication c2010.
300 ## - PHYSICAL DESCRIPTION
Number of Pages xiv, 706 p.
650 #0 - SUBJECT ADDED ENTRY--TOPICAL TERM
Topical Term Curiosities and wonders.
Topical Term Popular culture
856 40 - ELECTRONIC LOCATION AND ACCESS
Uniform Resource Identifier http://site.ebrary.com/lib/rucke/Doc?id=10342225

No items available.

© 2026 Rongo University
Contact us: librarian | system librarian | Rongo university